Hamilton: Do You Know "You'll Be Back" By Heart? - Statistics

General Stats
  • This quiz has been taken 542 times
  • The average score is 274 of 331
Answer Stats
% Correct
You
99%
you
99%
I
97%
I
97%
to
97%
a
96%
love
96%
my
96%
My
96%
of
96%
will
96%
be
95%
The
95%
the
95%
your
95%
back
94%
no
94%
that
94%
You'll
94%
you'll
94%
an
93%
say
93%
see
93%
price
92%
so
92%
So
92%
we
92%
We
92%
when
92%
When
92%
Da
91%
da
91%
you're
91%
me
91%
you're
91%
And
90%
and
90%
not
90%
pay
90%
Remember
90%
remember
90%
willing
89%
go
88%
remind
88%
cry
86%
mad
86%
soon
86%
belong
85%
fall
85%
Oceans
85%
rise
85%
win
85%
empires
84%
In
84%
in
84%
armed
83%
by
83%
fully
83%
it
83%
on
83%
push
83%
send
83%
all
82%
away
82%
comes
82%
love's
82%
time
82%
well
82%
battalion
81%
shove
81%
tea
81%
tell
81%
don't
80%
have
80%
subject
80%
through
80%
I'm
79%
each
79%
For
79%
for
79%
is
79%
other
79%
our
79%
sad
79%
served
79%
change
78%
made
78%
Now
78%
sea
78%
Why
78%
arrangement
77%
'Cause
77%
ever
77%
gone
77%
making
77%
went
77%
loyal
76%
man
76%
royal
76%
seen
76%
kill
75%
sweet
75%
war
75%
submissive
74%
can't
73%
family
73%
favorite
73%
friends
73%
one
73%
am
71%
despite
71%
Forever
71%
hurl
71%
complaining
68%
fight
68%
I'll
68%
which
68%
estrangement
66%
draining
63%
dying
63%
had
63%
days
62%
praise
62%
'til
62%
like
59%
thing
59%
this
59%
throw
59%
before
57%
dat
45%
Dat
45%
ya
45%
Everybody
33%
No matching quizzes found
Score Distribution
Percent of People with Each Score
Percentile by Number Answered
Your Score History
You have not taken this quiz